000 00706nam a2200289Ia 4500
005 20260324123939.0
008 008 260324s9999 xx 000 0 eng d
020 _a9780203817889
037 _aEBOOK
040 _aCRL
040 _beng
040 _cCRL
041 _2eng
041 _aeng
084 _qCRL
100 _aPeter Bennett; Alex Kendall; Julian McDougall
_91172270
245 0 _aAfter the Media
245 0 _bCulture and Identity in the 21st Century
260 _bTaylor and Francis
260 _c2011
365 _a
365 _b230
856 _uhttp://www.taylorfrancis.com/books/9780203817889
942 _cEBOOK
999 _c1766217
_d1766217